00812nam a22001937a 450000500170000001000150001702000270003203500140005903700090007308200120008224500870009426000590018127001170024030000380035749000110039594200260040699900190043295201670045120260428142423.0 aENG-148348 a9788198517425c2176.00 aEN-131880 bDBAD a581.954 aFlora of India:bCostaceac-Smilacaceac-Adoxaceac/cEdited by Rajib Gogoi...[et.al] aKolkatabThe Director, Botanical Survey of Indiac2025 aCGO Complex, 3rd MSO Building, Block - F, 5th & 6th Floor, DF - Block, Sector-1, Salt Lake CitybKolkatae700064 acxxxvi,775p. c25cm.(Hb)bcol,ill vVol-27 2ddccENh581.954mFLO c216020d216020 00103VOL-2740718REFaZLSbZLSd2026-04-28eDelivery of Books Act Divisiong2176.00l0o581.954 FLOpEN-131880r2026-04-28 14:23:58t1v2176.00w2026-04-28yEN